Hospitalizované deti s poruchami sluchu

Podrobná bibliografia
Hlavný autor: Medvecová, Kamila (Autor)
Médium: Článok
Jazyk:slovenčina

MARC

LEADER 00000nab a2200000ua 4500
001 vtls010830882
003 SK-MaSNL
005 20260303144519.0
008 230222s2004 xo |||||||||||||||||slo|
035 |a (urnnbn)urn:nbn:sk:snk:ar-a06hjv 
035 |a urn:nbn:sk:snk-ab5vwh 
035 |a (uuid)1225b878-f043-444b-a734-3d672faacf25 
040 |a SNKBUCL  |b slo  |c SNKBUCL  |e AACR2 
041 0 |a slo 
044 |a xo  |c SK 
100 1 |a Medvecová, Kamila  |4 aut  |9 1166143 
245 1 0 |a Hospitalizované deti s poruchami sluchu  |c Kamila Medvecová 
773 0 |t Sestra : odborný mesačník pre ošetrovateľstvo  |g Roč. 3, č. 10 (2004), s. 32-33 
954 |a odborná, vedecká literatúra pôvodná (slovenská)  |2 lita 
958 |a OND 
958 |a EUIPO 
958 |a article5 
999 |c 1997658  |d 1999588